I the inception of jiriki (Record no. 172718)

MARC details
000 -LEADER
fixed length control field 00516nam a22001817a 4500
005 - DATE AND TIME OF LATEST TRANSACTION
control field 20200211172616.0
010 ## - LCCN (DPL NO)
LC control number ENG-127695
020 ## - INTERNATIONAL STANDARD BOOK NUMBER
Terms of availability 250.00
International Standard Book Number 9789352666911
035 ## - SYSTEM CONTROL NUMBER
System control number EN-111227
037 ## - SOURCE OF ACQUISITION
Source of stock number/acquisition DBAD/PUB
082 ## - DEWEY DECIMAL CLASSIFICATION NUMBER
Classification number 250.34
100 ## - MAIN ENTRY--PERSONAL NAME
Personal name Jagriti Shivpuri
245 ## - TITLE STATEMENT
Title I the inception of jiriki
Statement of responsibility, etc by Jagriti Shivpuri
260 ## - PUBLICATION, DISTRIBUTION, ETC. (IMPRINT)
Place of publication, distribution, etc New Delhi
Date of publication, distribution, etc 2018
Name of publisher, distributor, etc Prabhat Prakashan
270 ## - ADDRESS
Address 4/19 AsafAli Road,
-- New Delhi
Postal code 110002
300 ## - PHYSICAL DESCRIPTION
Extent 119p.
Other physical details 22cm(hb)
942 ## - ADDED ENTRY ELEMENTS (KOHA)
Source of classification or shelving scheme Dewey Decimal Classification
Item type English Books
Classification part 250.34
Call number suffix JAG
Holdings
Withdrawn status Lost status Not for loan Collection code Home library Current library Date acquired Source of acquisition Cost, normal purchase price Full call number Barcode Copy number Cost, replacement price Koha item type
      Non-fiction Ashok Vihar Ashok Vihar 11/02/2020 DBAD/PUB 250.00 250.34 JAG EN-111227 1 250.00 English Books

© Delhi Public Library
Hit Counter
free hit counter